<?xml version="1.0" encoding="UTF-8"?><?xml-stylesheet type="text/xsl" href="static/style.xsl"?><OAI-PMH xmlns="http://www.openarchives.org/OAI/2.0/" xmlns:xsi="http://www.w3.org/2001/XMLSchema-instance" xsi:schemaLocation="http://www.openarchives.org/OAI/2.0/ http://www.openarchives.org/OAI/2.0/OAI-PMH.xsd"><responseDate>2026-06-03T19:00:53Z</responseDate><request verb="GetRecord" identifier="oai:riuma.uma.es:10630/38794" metadataPrefix="marc">https://riuma.uma.es/rest/oai/request</request><GetRecord><record><header><identifier>oai:riuma.uma.es:10630/38794</identifier><datestamp>2026-02-03T11:14:13Z</datestamp><setSpec>com_10630_2254</setSpec><setSpec>col_10630_37953</setSpec></header><metadata><record xmlns="http://www.loc.gov/MARC21/slim" xmlns:dcterms="http://purl.org/dc/terms/" xmlns:doc="http://www.lyncode.com/xoai" xmlns:xsi="http://www.w3.org/2001/XMLSchema-instance" xsi:schemaLocation="http://www.loc.gov/MARC21/slim http://www.loc.gov/standards/marcxml/schema/MARC21slim.xsd">
   <leader>00925njm 22002777a 4500</leader>
   <datafield ind2=" " ind1=" " tag="042">
      <subfield code="a">dc</subfield>
   </datafield>
   <datafield ind2=" " ind1=" " tag="720">
      <subfield code="a">Vargas-Yáñez, Antonio José</subfield>
      <subfield code="e">author</subfield>
   </datafield>
   <datafield ind2=" " ind1=" " tag="260">
      <subfield code="c">2021-11</subfield>
   </datafield>
   <datafield ind2=" " ind1=" " tag="520">
      <subfield code="a">Desde el punto de vista arquitectónico, plantear la posibilidad y necesidad de una alternativa habitacional para las familias desahuciadas supone preguntarse cuáles son las características que deben tener unos alojamientos que tienen por objeto servir con carácter de emergencia y transitoriedad a una población ocasional, y si estos tienen que diferenciarse de los destinados a dar respuesta a emergencias con otro origen. Pero también reflexionar sobre qué debe entender la sociedad por un alojamiento digno en un&#xd;
contexto en el que los recursos económicos para atender a los más desfavorecidos siempre son limitados.&#xd;
El artículo reflexiona, desde la presentación de diversos proyectos, sobre las posibilidades de dar respuesta una respuesta urgente a las necesidades de un alojamiento de emergencia.</subfield>
   </datafield>
   <datafield ind1="8" ind2=" " tag="024">
      <subfield code="a">Vargas-Yáñez, A. 2021. Alternativas habitacionales al desahucio. Boletín comisión de derecho privado nº 28, 28-42</subfield>
   </datafield>
   <datafield ind1="8" ind2=" " tag="024">
      <subfield code="a">2695-9941</subfield>
   </datafield>
   <datafield ind1="8" ind2=" " tag="024">
      <subfield code="a">https://hdl.handle.net/10630/38794</subfield>
   </datafield>
   <datafield tag="653" ind2=" " ind1=" ">
      <subfield code="a">Viviendas - Aspectos sociales</subfield>
   </datafield>
   <datafield tag="653" ind2=" " ind1=" ">
      <subfield code="a">Desahucio</subfield>
   </datafield>
   <datafield tag="653" ind2=" " ind1=" ">
      <subfield code="a">Arquitectura y sociedad</subfield>
   </datafield>
   <datafield ind2="0" ind1="0" tag="245">
      <subfield code="a">Alternativas habitacionales al desahucio.</subfield>
   </datafield>
</record>
</metadata></record></GetRecord></OAI-PMH>